| 000 | 00477nam a22001457a 4500 | ||
|---|---|---|---|
| 008 | 170216b xxu||||| |||| 00| 0 eng d | ||
| 050 | _aDT2913.S55 Z96 | ||
| 100 |
_aZvarevashe, Ignatius _928868 |
||
| 245 |
_aDzinza ravaGovera vaChirumhanzu naMutasa _cIgnatius Zvarevashe |
||
| 260 |
_aGweru _bMambo Press _c1998 |
||
| 300 |
_axiv, 190p. ; _c20cm. |
||
| 650 |
_aShona (African people) _xClans _928870 |
||
| 650 |
_aMutasa clan (Shona) _zZimbabwe _928871 |
||
| 942 |
_2lcc _cMONOGRAPH |
||
| 999 |
_c126137 _d126137 |
||